00497nam a22001697a 450000500170000001000150001702000260003203500140005803700130007208200110008510000250009624500740012126000440019527000460023930000230028550000190030820170908112301.0 aENG-120229 a9788189430580c150.00 aEN-103761 bDBAD/PUB a230.35 aParamhansa Yogananda aHow to achieve glowing health and vitality /cby Paramhansa Yogananda aGurgaon bAnand Sanga Publicationc2011 aB-10/8 DLF City Phase IbGurgaon e122002 a160p. c17cm.(pbk) aIncludes index